000 00857nam0a22002651 4500
001 rc\2779945
005 20250806204732.0
035 _a(NLR Aleph) 006906186
090 _a33376
_c33376
100 _a20110915d1942 u y0rusy50 ca
101 0 _arus
102 _aRU
105 _ay z |||||
200 1 _aНаоборот
_e[Сцена из жизни германской армии]
_fЯков Рудин
210 _aМосква
_cОтд. распространения ВУОАП
_d1942
215 _a6, [1] с.
_d21 см.
300 _aСтеклогр.
700 1 _aРудин
_bЯ.М.
_f-1949
_gЯков Михайлович
801 0 _aRU
_bNLR
_gpsbo
801 1 _aRU
_bELAR
_2rusmarc
852 _aNLR
_jЛ30 Г-4/296
942 _cBOOK
945 _aРоссийская национальная библиотека
980 _aNB
980 _aBV